[Event "BCF-ch Week2 AM op"]
[Site "Coventry"]
[Date "2015.08.07"]
[Round "5"]
[White "Coward, Neil"]
[Black "Ramdewar, Ishan"]
[Result "1/2-1/2"]
[WhiteElo "1831"]
[BlackElo "1802"]
[PlyCount "111"]
[EventDate "2015.08.03"]
[EventType "swiss"]
[EventRounds "5"]
[EventCountry "ENG"]
[SourceTitle "CBM 167 Extra"]
[Source "ChessBase"]
[SourceDate "2015.09.14"]
[SourceVersion "1"]
[SourceVersionDate "2015.09.14"]
[SourceQuality "1"]

1. e4 c5 2. d4 cxd4 3. c3 Nf6 4. e5 Nd5 5. cxd4 d6 6. f4 dxe5 7. fxe5 Bf5 8. a3 e6 9. Nf3 Be7 10. Bd3 Bxd3 11. Qxd3 0-0 12. 0-0 Qb6 13. Nc3 Rd8 14. Bg5 Nc6 15. Bxe7 Ndxe7 16. Ng5 Qxd4+ 17. Qxd4 Rxd4 18. Nxf7 Rd2 19. b4 b6 20. Rae1 Rd3 21. Nb5 Ng6 22. Nc7 Rf8 23. Ng5 Rxf1+ 24. Kxf1 Ncxe5 25. Ngxe6 Rxa3 26. Rd1 h6 27. Rd8+ Kf7 28. Rd5 Rd3 29. Nd8+ Kf6 30. Rxd3 Nxd3 31. b5 Ne7 32. Ne8+ Ke5 33. Nxg7 Kd5 34. Nf7 Kc4 35. Ke2 Nc5 36. Nd6+ Kd5 37. Ngf5 Nxf5 38. Nxf5 Ne4 39. Nxh6 Nc3+ 40. Kd3 Nxb5 41. Ng4 Nd6 42. h4 a5 43. h5 a4 44. h6 b5 45. h7 Nf7 46. Kc3 Ke4 47. g3 Nh8 48. Nh2 a3 49. Kb3 b4 50. g4 Kf4 51. Ka2 Kg3 52. Nf1+ Kxg4 53. Ne3+ Kg5 54. Nc2 Kg6 55. Nxb4 Kxh7 56. Kxa3 1/2-1/2